000 00916nam a22003017a 4500
003 CHAP
005 20220817042835.0
008 971013s1972 r 00010 d
010 _a57421
011 _a58393
035 _a62548
040 _cCHAP
082 _a628.16
_bS6
100 0 0 _aSorokin, Y. I.
_eed.
_9108780
245 _aTechniques for the assessment of microbial production and decomposition in fresh waters
260 _aLondon :
_bBlackwell,
_c1972
300 _a112 p.
_b: ilus.
490 _aIBP Handbook
_v; 23
590 _aBATCH-UPD
_b10
_c20130110
_lUCH01
_h0827
590 _aBATCH-UPD
_b10
_c20130410
_lUCH01
_h0505
590 _aCONVERSION
_b10
_c20130109
_lUCH01
_h1331
650 1 4 _aAgua
_xBacteriologia.
_92314
700 0 _aKadota, H.
_962575
830 0 _aIBP Handbook
_v; 23
901 _aBK
942 _cLIBRO
949 _a628.16 S6
_bBC
_cLIBRO
_d33724000420345
_eLIBRO
_h28267
_i62548
_si
999 _c57421
_d57421